000 00604nam a2200241Ia 4500
003 OSt
005 20220918223424.0
006 a|||||r|||| 00| 0
007 ta
008 220917b |||||||| |||| 00| 0 eng d
024 _a222,444
037 _cTextual
040 _aARTS
_cARTS
_beng
041 _2eng
_aeng
082 _aNA444, N3
100 _aHavell E.B
245 0 _aHimalayas in Indian art
260 _aNew Delhi
_bAryan book international
_c1993
300 _axvi, 94p
_ccm.
650 _aARTS
942 _hNA444, N3
_cTEXL
_2CC
999 _c278383
_d278383